000 00595nam a2200193Ia 4500
005 20250508154844.0
008 008 250505s9999 xx 000 0 eng d
037 _aBooks to be hide in OPAC
040 _aFEDL
_beng
_cFEDL
041 _aeng
_2eng
084 _a301.240 954, KUP/O
_qFEDL
100 _aKuppuswamy B Ed.
_984173
245 0 _aSome aspects of social change in India
260 _aDelhi, India
_bSterling Publishers (P) Ltd.
_c1968
300 _a114p.
700 _a Mehta Prayag Ed.
_9766264
942 _cHB
_h301.240 954, KUP/O
999 _c1352469
_d1352469